000 00816nam a2200265 i 4500
001 56701
003 ES-MaACL
005 20230906163428.0
007 t|
008 031013s1985 sp ||||1| spa d
020 _a84-85887-63-8
080 _a821.134.2-32"19"
100 1 _aDieste, Rafael.
_944614
245 1 3 _aLa isla :
_bTablas de un naufragio /
_cRafael Dieste ; prólogo de Carlos Gurméndez.
246 3 _aTablas de un naufragio
250 _a1ª ed.
260 _aBarcelona :
_bAnthropos,
_c1985.
300 _a186 p. ;
_c20 cm.
490 1 _aMemoria rota. Exilios y heterodoxias ;
_v1
500 _aBiobibliografía.
700 1 _aGurméndez, Carlos (
_d1917-1997)
_960986
830 1 _aMemoria rota. Exilios y heterodoxias ;
_v1
_9177283
852 4 _aES-MaACL
_jL-8263
999 _c56701
_d56701